000 00599nam a22001937a 4500
003 OSt
005 20251117170410.0
008 251117b |||||||| |||| 00| 0 eng d
040 _aDWCL-Main lib
_cOC
082 _22006 issue, 3rd ed.
_aFil. 332.6 B189 2006
100 _aWin Lu Ballada
245 _aInvestment mathematics made easy 3rd ed./
_cWin Lu Ballada
260 _aManila :
_bDomDane Publishers,
_cc2006.
300 _avarious paging ;
_c25 cm.
504 _ainclude bibliography
650 _aInvestments.
700 _aSusan Ballada
942 _2ddc
_cBK - FIL
_e2006 issue, 3rd ed.
_kFil.
_n0
999 _c5741
_d5741